000 00497 a2200169 4500
999 _c1520
_d1520
020 _a9781844809868
050 _aHF5657.4 DRU 2008
100 _aDrury, Colin
_eauthor
245 _aCost and management accounting /
_cColin Drury
250 _a7th
264 _aLondon :
_bCengage Learning,
_c2008
300 _axxiii, 775 pages :
_billustrations ; 26 cm
500 _aIncludes index
650 _aCost accounting.
650 _a Managerial accounting.
942 _2lcc
_cBK
_e7th
_h5657.4
_iDRU
_kHF